LEADER 01694nam 2200541Ia 450 001 9910455510703321 005 20200520144314.0 010 $a0-8144-2806-1 010 $a0-8144-2784-7 035 $a(CKB)111087027963252 035 $a(OCoLC)70720388 035 $a(CaPaEBR)ebrary10052850 035 $a(SSID)ssj0000238885 035 $a(PQKBManifestationID)11199899 035 $a(PQKBTitleCode)TC0000238885 035 $a(PQKBWorkID)10234485 035 $a(PQKB)10668588 035 $a(MiAaPQ)EBC3001753 035 $a(Au-PeEL)EBL3001753 035 $a(CaPaEBR)ebr10052850 035 $a(OCoLC)842965816 035 $a(EXLCZ)99111087027963252 100 $a20030922d2004 uy 0 101 0 $aeng 135 $aurcn||||||||| 181 $ctxt 182 $cc 183 $acr 200 10$aRoadmap to entrepreneurial success$b[electronic resource] $epowerful strategies for building a high-profit business /$fRobert W. Price 210 $aNew York $cAmerican Management Association$dc2004 215 $a1 online resource (304 p.) 300 $aBibliographic Level Mode of Issuance: Monograph 311 $a0-8144-7190-0 320 $aIncludes bibliographical references and index. 606 $aEntrepreneurship 606 $aNew business enterprises$xManagement 608 $aElectronic books. 615 0$aEntrepreneurship. 615 0$aNew business enterprises$xManagement. 676 $a658.4/21 700 $aPrice$b Robert W.$f1962-$0975896 801 0$bMiAaPQ 801 1$bMiAaPQ 801 2$bMiAaPQ 906 $aBOOK 912 $a9910455510703321 996 $aRoadmap to entrepreneurial success$92222302 997 $aUNINA